Statistiques concernant Tsars de l'Empire Russe

Cliquez ici pour prendre le quiz!

Statistiques générales

  • Ce quiz a été pris 86 fois
  • Le résultat moyen est 10 sur 14

Statistiques - réponses

RégneRéponse% Correct
1825-1855Nicolas I
99%
1894-1917Nicolas II
99%
1801-1825Alexandre I
86%
1855-1881Alexandre II
85%
1721-1725Pierre I
84%
1881-1894Alexandre III
81%
1727-1730Pierre II
79%
1725-1727Catherine I
74%
1762-1796Catherine II
71%
1762Pierre III
68%
1740-1741Ivan VI
38%
1796-1801Paul I
37%
1741-1762Élisabeth I
29%
1730-1740Anne I
27%

Distribution des résultats

Percentile par nombre de réponses

% des personnes avec chaque résultat

Votre développement - résultats

Vous n’avez pas pris ce quiz